000 00380nam a2200145 i 4500
001 43074
003 ES-MaACL
005 20230906160729.0
007 t|
008 030314q1921 sp ||||1| spa d
110 2 _aUniversidad de Madrid.
_97205
245 1 0 _aCenso electoral, 1921 /
_cUniversidad de Madrid.
260 _a[Madrid? :
_bs.n.,
_c1921?]
852 _aES-MaACL
_j1610-F-1
999 _c43074
_d43074